000 00473nam a2200181Ia 4500
001 11569
005 20260306162837.0
008 260306t2020||||xx |||||||||||||| ||spa||
041 _aESP
082 _a985.092
_bP42
100 _aPeña de Cárdenas, José Ignacio,
_eAUT
245 0 _aMariano Ignacio Prado :
_bentre la gloria y la leyenda negra
260 _c2020
300 _a439 páginas :
_c24 cm.
650 _aGEN
654 _aCHU
942 _cLIB
_dJUS
_fJUS
_2ddc
_n
999 _c11569
_d11569